000 01208cam a2200361 a 4500
001 22451
003 SK-KTurca
005 20260328122440.0
008 240611s1995 xo g 0000f slo
015 _aSNBA1995/03
020 _a8022005797
_q(viaz.)
035 _aSNK000020814
040 _aSNK
_bslo
_cSNK
_eAACR2
041 1 _aslo
_hger
044 _axo
_cSK
072 7 _a821.112.2-3
_xNemecká próza, nemecky písaná
_2konspekt
080 _a821.112.2(494)-31
_22011
100 1 _aMoser, Milena,
_d1963-
_4aut
240 1 4 _aDie Putzfraueninsel
_lSlovensky
245 1 0 _aMallorca, ostrov upratovačiek
_cMilena Moser ; preložila Elena Diamantová
250 _a1. vyd.
260 _aBratislava
_bSlovenský spisovateľ
_c1995
_eBratislava
_fSvornosť
300 _a143 s.
_c21 cm
490 1 _aSpoločnosť priateľov krásnych kníh
_vzv. 566
500 _aPreložené z nemčiny
655 7 _ašvajčiarske romány (nemecky)
_2SNKPH
700 1 _aDiamantová, Elena,
_d1949-
_4trl
700 1 _aPernecký, Jozef
_4bjd
830 0 _aSpoločnosť priateľov krásnych kníh
942 _2ddc
_cKLDO
_n0
999 _c22451
_d22451